01096nam a22002897a 450000100040000000500170000402000380002102000250005904000230008405000240010708200140013110000150014524500890016025000440024926000370029330000410033050500080037152002310037952100200061052100200063065000310065065000280068165000220070965000210073165000220075270000320077473620250211155157.0 a9780545055949 (hbk. : alk. paper) a9780545055956 (pbk.) aDLCcDLCdDLCbeng00aPZ7.Y3638bBnb 201000a[Fic]2221 aYee, Lisa.10aFirstBobby the brave (sometimes) /cwtitten by Lisa Yee ; illustrated by Dan Santat. aFirst paperback printing, August 2012.  aNew York :bScholastic ,c2012.  a153 pages :billustrations ;c20 cm. aR  aFourth-grader Bobby is hurt when he hears his father, a former professional football player, say that the two of them are nothing alike, but finally summons the courage to talk about it after he suffers a public asthma attack. a690 bLexile  aR bRaz-Plus  1aFathers and sonsvFiction. 1aIndividualityvFiction. 1aTheatervFiction. 1aAsthmavFiction. 1aSchoolsvFiction.1 aSantat, Dan,eillustrator.